<?xml version="1.0" encoding="UTF-8"?>
<record
    xmlns:xsi="http://www.w3.org/2001/XMLSchema-instance"
    xsi:schemaLocation="http://www.loc.gov/MARC21/slim http://www.loc.gov/standards/marcxml/schema/MARC21slim.xsd"
    xmlns="http://www.loc.gov/MARC21/slim">

  <leader>00616nam a22001457a 4500</leader>
  <controlfield tag="003">0</controlfield>
  <controlfield tag="005">20160609172155.0</controlfield>
  <controlfield tag="008">130812t        xxu||||| |||| 00| 0 eng d</controlfield>
  <datafield tag="040" ind1=" " ind2=" ">
    <subfield code="a">BUAC</subfield>
    <subfield code="b">Fr</subfield>
    <subfield code="c">BEPAC</subfield>
  </datafield>
  <datafield tag="100" ind1=" " ind2=" ">
    <subfield code="a">AHOUANGBENON, Hou&#xE9;fa Mardyle Fresnelle</subfield>
    <subfield code="9">26063</subfield>
  </datafield>
  <datafield tag="245" ind1=" " ind2=" ">
    <subfield code="a">Potentialit&#xE9;s des jardins botaniques villageois dans la conservation des plantes utilis&#xE9;es en m&#xE9;decine traditionnelle v&#xE9;t&#xE9;rinaire dans les communes de Pehunco et Sinend&#xE9; au Nord du B&#xE9;nin</subfield>
    <subfield code="c">AHOUANGBENON, Hou&#xE9;fa Mardyle Fresnelle</subfield>
  </datafield>
  <datafield tag="260" ind1=" " ind2=" ">
    <subfield code="a">Abomey-Calavi</subfield>
    <subfield code="b">Ecole Polytechnique d&#x2019;Abomey-Calavi</subfield>
    <subfield code="c">2007</subfield>
  </datafield>
  <datafield tag="300" ind1=" " ind2=" ">
    <subfield code="a">57p.</subfield>
  </datafield>
  <datafield tag="942" ind1=" " ind2=" ">
    <subfield code="c">THE</subfield>
  </datafield>
  <datafield tag="999" ind1=" " ind2=" ">
    <subfield code="c">52336</subfield>
    <subfield code="d">52336</subfield>
  </datafield>
  <datafield tag="952" ind1=" " ind2=" ">
    <subfield code="0">0</subfield>
    <subfield code="1">0</subfield>
    <subfield code="4">0</subfield>
    <subfield code="7">0</subfield>
    <subfield code="a">BEPAC</subfield>
    <subfield code="b">BEPAC</subfield>
    <subfield code="d">2013-08-12</subfield>
    <subfield code="e">EPAC</subfield>
    <subfield code="l">0</subfield>
    <subfield code="o">27.APE/AHO</subfield>
    <subfield code="p">M19313EPAC</subfield>
    <subfield code="r">2013-08-12 00:00:00</subfield>
    <subfield code="t">1</subfield>
    <subfield code="w">2013-08-12</subfield>
    <subfield code="y">THE</subfield>
  </datafield>
</record>
